000 00408nam a2200181Ia 4500
003 0100
008 130303s9999 xx 000 0 und d
040 _cARRUPELIB
050 _aB75.S2 1968
100 _aSahakian, William S
245 _aOutline-History of philosophy
260 _aNew York
260 _bBarnes & Noble
260 _C1968
300 _axvii
300 _b 366p. 20cm.
942 0 0 _09
999 _c36061
_d36061